Guess the Celebrity by Picture - Letter J - Statistics

General Stats
  • This quiz has been taken 433 times
    388 since last reset
  • The average score is 11 of 16
Answer Stats
Picture Answer % Correct
Justin Bieber
95%
Jennifer Aniston
91%
Justin Timberlake
89%
Jennifer Lopez
86%
Jackie Chan
85%
Jay-Z
85%
Jennifer Lawrence
81%
Jack Black
78%
John Lennon
77%
Julia Roberts
69%
Justin Trudeau
61%
Jason Statham
51%
Jessica Alba
46%
Jennifer Garner
43%
Jennifer Love Hewitt
22%
Jason Priestley
14%
No matching quizzes found
Score Distribution
Percent of People with Each Score
Percentile by Number Answered
Your Score History
You have not taken this quiz since the last reset